000 00550nam a22001457a 4500
008 240813b ||||| |||| 00| 0 eng d
020 _a9789966178794
050 _aBX1784
_b.T44 2017
100 _aTeboho Martin, Makoro
245 _aReliving Nostra Aetate through Mircea Eliade's concept of Archaic Religions: Towards a Third Millennium Spirituality for the Catholic Diocese of Mthatha, South Africa
260 _aNairobi - Kenya
_bCUEA
_c2017
300 _axxxi, 306 p.;
_c26 cm.
650 _aChristianity and other religions.
942 _2lcc
_cBK
999 _c59398
_d59398